La crisis del subprime un reto a los modelos de riesgo / (Registro nro. 3929)

Detalles MARC
000 -LEADER
fixed length control field 01247nam a2200253Ia 4500
003 - CONTROL NUMBER IDENTIFIER
control field OSt
005 - DATE AND TIME OF LATEST TRANSACTION
control field 20200730122325.0
008 - FIXED-LENGTH DATA ELEMENTS--GENERAL INFORMATION
fixed length control field 191128s2008 ck ad gr 000 0dspa d
040 ## - CATALOGING SOURCE
Original cataloging agency CO-JMCR
Transcribing agency CO-JMCR
041 0# - LANGUAGE CODE
Language code of text/sound track or separate title spa
082 04 - DEWEY DECIMAL CLASSIFICATION NUMBER
Classification number 332.1 /
Item number U88c
Edition number 23
100 1# - MAIN ENTRY--PERSONAL NAME
Personal name Ustáriz González, Luis Humberto,
Relator term autor
9 (RLIN) 8158
245 13 - TITLE STATEMENT
Title La crisis del subprime un reto a los modelos de riesgo /
Statement of responsibility, etc. Luis Humberto Ustáriz González
250 ## - EDITION STATEMENT
Edition statement Primera edición
260 ## - PUBLICATION, DISTRIBUTION, ETC.
Place of publication, distribution, etc. Bogotá :
Name of publisher, distributor, etc. Estudio Jurídico Ustáriz & Abogados,
Date of publication, distribution, etc. 2008.
300 ## - PHYSICAL DESCRIPTION
Extent 48, 59 páginas :
Other physical details ilustraciones, diagramas, gráficas ;
Dimensions 24 cm.
500 ## - GENERAL NOTE
General note Con: Corporate governance : evolución y reto frente al riesgo operativo en el nuevo acuerdo de Basilea. Artículo ganador del concurso monografía jurídica 2004 y 2008
505 0# - FORMATTED CONTENTS NOTE
Formatted contents note Las crisis financieras como consecuencia de la explosión de la burbuja -- La crisis del subprime -- Obligacions de deuda colateralizada -- Cuestionamiento de los nuevos modelos de riesgo -- Corporate governance -- el pilar II en el nuevo acuerdo de Basile
650 14 - SUBJECT ADDED ENTRY--TOPICAL TERM
Topical term or geographic name entry element Crisis bancaria
9 (RLIN) 8159
650 24 - SUBJECT ADDED ENTRY--TOPICAL TERM
Topical term or geographic name entry element Crisis financiera
9 (RLIN) 5832
650 24 - SUBJECT ADDED ENTRY--TOPICAL TERM
Topical term or geographic name entry element Riesgo
General subdivision (finanzas)
9 (RLIN) 8160
650 24 - SUBJECT ADDED ENTRY--TOPICAL TERM
Topical term or geographic name entry element Sistema bancario
9 (RLIN) 8161
942 ## - ADDED ENTRY ELEMENTS (KOHA)
Source of classification or shelving scheme Dewey Decimal Classification
Koha item type Books
Existencias
Withdrawn status Lost status Source of classification or shelving scheme Materials specified (bound volume or other part) Damaged status Not for loan Home library Current library Shelving location Date acquired Source of acquisition Full call number Barcode Date last seen Copy number Price effective from Koha item type
    Dewey Decimal Classification Donación--12/12/2017--     Biblioteca Pública José María del Castillo y Rada Biblioteca Pública José María del Castillo y Rada General Stacks 11/28/2019 Donación 332.1 / U88c 201808680 05/16/2024 Ej.1 11/28/2019 Books